Química de la disoluciones: diagramas y cálculos gráficos

Furkejuvvon:
Bibliográfalaš dieđut
Váldodahkki: Vicente Pérez, Santiago de (Dahkki)
Materiálatiipa: Girji
Giella:espánnjágiella
Almmustuhtton: Madrid Universidad Nacional de Educación a Distancia 1996
Preanttus:1a. ed
Ráidu:Cuadernos de la UNED, 150
Fáttát:
Fáddágilkorat: Lasit fáddágilkoriid
Eai fáddágilkorat, Lasit vuosttaš fáddágilkora!

MARC

LEADER 00000nam a2200000 a 4500
001 UCH9065
003 CL-VaPUC
008 091224e19960000SP |||||||||||||||||spa|d
020 |a 9788436234200 
082 0 4 |a 541.34  |b VIC  |2 21 
100 0 |a Vicente Pérez, Santiago de  |e author  |9 545899 
245 1 0 |a Química de la disoluciones: diagramas y cálculos gráficos 
250 |a 1a. ed 
300 |a 422 p 
942 |c BK 
945 |d 20091224 00:00:00  |a rbrito 
260 |a Madrid  |b Universidad Nacional de Educación a Distancia  |c 1996 
650 7 |a QUIMICA DE LAS DISOLUCIONES  |2 CL-VaPUC  |9 545900 
650 0 |a Química analítica  |9 259648 
650 0 |a Reacciones químicas  |9 259438 
583 |a last modification  |c 20091224 00:00:00  |k Rodrigo Vera 
490 0 |a Cuadernos de la UNED, 150 
999 |c 339129  |d 339127 
952 |0 0  |1 0  |4 0  |6 541_340000000000000_VIC_1996  |7 0  |8 A  |9 432571  |a BIBCUR  |b BIBCUR  |d 2019-11-22  |i 4628209  |o 541.34 VIC 1996  |p 4628209  |r 2025-04-22  |w 2019-11-22  |y BK  |k QUI 
952 |0 0  |1 0  |4 0  |6 541_340000000000000_VIC_1996  |7 0  |8 A  |9 432572  |a BIBCUR  |b BIBCUR  |d 2019-11-22  |i 4628217  |o 541.34 VIC 1996  |p 4628217  |r 2025-04-22  |w 2019-11-22  |y BK  |k QUI 
952 |0 0  |1 0  |4 0  |6 541_340000000000000_VIC_1996  |7 0  |8 A  |9 432573  |a BIBCUR  |b BIBCUR  |d 2019-11-22  |i 4628225  |o 541.34 VIC 1996  |p 4628225  |r 2025-04-22  |w 2019-11-22  |y BK  |k QUI 
952 |0 0  |1 0  |4 0  |6 541_340000000000000_VIC_1996  |7 0  |8 A  |9 432574  |a BIBCUR  |b BIBCUR  |d 2019-11-22  |i 4628233  |l 1  |o 541.34 VIC 1996  |p 4628233  |r 2025-04-22  |s 2022-12-01  |w 2019-11-22  |y BK  |k QUI 
952 |0 0  |1 0  |4 0  |6 541_340000000000000_VIC_1996  |7 0  |8 A  |9 432575  |a BIBCUR  |b BIBCUR  |d 2019-11-22  |i 4628241  |o 541.34 VIC 1996  |p 4628241  |r 2025-04-22  |w 2019-11-22  |y BK  |k QUI 
952 |0 0  |1 0  |4 0  |6 541_340000000000000_VIC_1996  |7 0  |8 A  |9 432576  |a BIBCUR  |b BIBCUR  |d 2019-11-22  |i 462825K  |l 1  |o 541.34 VIC 1996  |p 462825K  |r 2025-04-22  |s 2024-10-08  |w 2019-11-22  |y BK  |k QUI 
952 |0 0  |1 0  |4 0  |6 541_340000000000000_VIC_1996  |7 0  |8 A  |9 432577  |a BIBCUR  |b BIBCUR  |d 2019-11-22  |i 4628268  |l 1  |o 541.34 VIC 1996  |p 4628268  |r 2025-04-22  |s 2024-09-17  |w 2019-11-22  |y BK  |k QUI 
952 |0 0  |1 0  |4 0  |6 541_340000000000000_VIC_1996  |7 0  |8 A  |9 432578  |a BIBCUR  |b BIBCUR  |d 2019-11-22  |i 4628276  |o 541.34 VIC 1996  |p 4628276  |r 2025-04-22  |w 2019-11-22  |y BK  |k QUI 
952 |0 0  |1 0  |4 0  |6 541_340000000000000_VIC_1996  |7 0  |8 A  |9 432579  |a BIBCUR  |b BIBCUR  |d 2019-11-22  |i 4628284  |o 541.34 VIC 1996  |p 4628284  |r 2025-04-22  |w 2019-11-22  |y BK  |k QUI 
952 |0 0  |1 0  |4 0  |6 541_340000000000000_VIC_1996  |7 0  |8 A  |9 432580  |a BIBCUR  |b BIBCUR  |d 2019-11-22  |i 4628292  |l 2  |m 1  |o 541.34 VIC 1996  |p 4628292  |r 2025-04-22  |s 2024-08-26  |w 2019-11-22  |y BK  |k QUI